000 00523nam a2200169Ia 4500
005 20260121165310.0
008 260121s9999 xx 000 0 und d
020 _a978-93-91558-04-8
041 _amar
082 _a920
100 _aगोडबोले, अरविंद
245 _aसावरकर विचारदर्शन
250 _a1
260 _bभारतीय विचार साधना पुणे
_c2021
300 _a342
650 _aमराठी साहित्य
_9216391
999 _c369965
_d369965